00284nam a2200121Ia 4500008004100000041000900041082001800050100001700068245002500085260003600110300000800146650000800154230718s9999 xx 000 0 und d aEng. a359.83bSHA-T aShawker: Kay 4aThe unofficial Guide aPakistanbOxford un fiessc1999 a815 aLaw